The significance of cultural zionism of the Jews on Frank Kafka's literary work : (Record no. 98890)
[ view plain ]
| 000 -LEADER | |
|---|---|
| fixed length control field | 00897nam a2200217 a 4500 |
| 003 - CONTROL NUMBER IDENTIFIER | |
| control field | 0 |
| 005 - DATE AND TIME OF LATEST TRANSACTION | |
| control field | 20250213093140.0 |
| 008 - FIXED-LENGTH DATA ELEMENTS--GENERAL INFORMATION | |
| fixed length control field | 130129s19uu xx 00 eng d |
| 050 ## - LIBRARY OF CONGRESS CALL NUMBER | |
| Classification number | PHS PT 2621.A26.M47 |
| Item number | .Ep64 2012 |
| 100 ## - MAIN ENTRY--PERSONAL NAME | |
| Personal name | Epres, Ma. Krissia Tedelyn Pacris. |
| 245 ## - TITLE STATEMENT | |
| Title | The significance of cultural zionism of the Jews on Frank Kafka's literary work : |
| Remainder of title | the metamorphosis / |
| Statement of responsibility, etc | Ma. Krissia Tedelyn Pacris Epres. |
| 260 ## - PUBLICATION, DISTRIBUTION, ETC. (IMPRINT) | |
| Place of publication, distribution, etc | Las Piñas City, Philippines : |
| Name of publisher, distributor, etc | Southville International School and Colleges, |
| Date of publication, distribution, etc | 2012. |
| 300 ## - PHYSICAL DESCRIPTION | |
| Extent | 21 pages : |
| Other physical details | illustrations ; |
| Dimensions | 28 cm. |
| 504 ## - BIBLIOGRAPHY, ETC. NOTE | |
| Bibliography, etc | Includes bibliographical references. |
| 600 ## - SUBJECT ADDED ENTRY--PERSONAL NAME | |
| Personal name | Kafka, Franz |
| Dates associated with a name | 1883-1924 |
| Form subdivision | Criticism and interpretation. |
| 650 ## - SUBJECT ADDED ENTRY--TOPICAL TERM | |
| Topical term or geographic name as entry element | Zionism |
| General subdivision | Influence. |
| 650 ## - SUBJECT ADDED ENTRY--TOPICAL TERM | |
| Topical term or geographic name as entry element | Cultural Zionism |
| General subdivision | Influence on literature. |
| 650 ## - SUBJECT ADDED ENTRY--TOPICAL TERM | |
| Topical term or geographic name as entry element | Jewish nationalism |
| General subdivision | Literary influence. |
| 650 ## - SUBJECT ADDED ENTRY--TOPICAL TERM | |
| Topical term or geographic name as entry element | Zionism in literature. |
| 942 ## - ADDED ENTRY ELEMENTS (KOHA) | |
| Source of classification or shelving scheme | Library of Congress Classification |
| Koha item type | PASS |
| Withdrawn status | Lost status | Source of classification or shelving scheme | Damaged status | Home library | Current library | Shelving location | Date acquired | Source of acquisition | Total Checkouts | Full call number | Barcode | Date last seen | Price effective from | Koha item type |
|---|---|---|---|---|---|---|---|---|---|---|---|---|---|---|
| Library of Congress Classification | Luxembourg Library | Luxembourg Library | Portfolio Assessment of SISC Students Section | 01/29/2013 | Donation | PHS PT 2621.A26.M47 .Ep64 2012 | P2991 | 04/08/2014 | 04/08/2014 | PASS |